مكتبة جامعة عجلون الوطنية

فهرس بحث المكتبة

Normal view MARC view
  • تاليف نوفل، أحمد سعيد واخرون،مؤلفون مشاركون عبدالعزيز محمد عوض، علي مفلح محافظه، عمر محمد الغول، محمود عواد، معاوية ابراهيم، نعمان جبران؛ تحرير محمود عبدالله عواد

Entry Personal Name

Number of records used in: 1

001 - CONTROL NUMBER

  • control field: 60252

003 - CONTROL NUMBER IDENTIFIER

  • control field: JO-AjAnu

005 - DATE AND TIME OF LATEST TRANSACTION

  • control field: 20230606083841.0

008 - FIXED-LENGTH DATA ELEMENTS

  • fixed length control field: 230606|| aca||aabn | a|a d

040 ## - CATALOGING SOURCE

  • Original cataloging agency: JO-AjAnu
  • Transcribing agency: JO-AjAnu

100 ## - HEADING--PERSONAL NAME

  • Personal name: تاليف نوفل، أحمد سعيد واخرون،مؤلفون مشاركون عبدالعزيز محمد عوض، علي مفلح محافظه، عمر محمد الغول، محمود عواد، معاوية ابراهيم، نعمان جبران؛ تحرير محمود عبدالله عواد

670 ## - SOURCE DATA FOUND

  • Source citation: Work cat.: (JO-AjAnu)30727: تاليف نوفل، أحمد سعيد واخرون،مؤلفون مشاركون عبدالعزيز محمد عوض، علي مفلح محافظه، عمر محمد الغول، محمود عواد، معاوية ابراهيم، نعمان جبران؛ تحرير محمود عبدالله عواد, author, القدس في العصور القديمة والمتوسطة والحديثة